| 000 | 01180nam a2200349 a 4500 | ||
|---|---|---|---|
| 001 | 200459713 | ||
| 999 |
_c200459713 _d77925 |
||
| 003 | TR-AnTOB | ||
| 005 | 20241115163515.0 | ||
| 007 | ta | ||
| 008 | 231102s2020 tu a 000 0 tur d | ||
| 020 | _a9789751605030 | ||
| 020 |
_a _a 9789751744456 _q _q (c. 11) |
||
| 040 |
_aTR-AnTOB _beng _erda _cTR-AnTOB |
||
| 041 | 0 | _atur | |
| 044 | _ctu | ||
| 050 | 0 | 0 |
_aDS51.B57 _bB89 2020 c.11 |
| 090 | 0 | 0 |
_aDS51.B57 _bB89 2020 c.11 |
| 100 | 1 |
_aBüyük, Mustafa _eauthor _9145036 |
|
| 245 | 1 | 0 |
_aOrta Karadeniz tarihinin kaynakları XI : _bPerşembe, Aybastı, Bolaman ve Çamaş kazaları 1834-1845 tarihli nüfus defterleri / _cMustafa Büyük. |
| 264 | 1 |
_aAnkara : _bTürk Tarih Kurumu Yayınları, _c2020. |
|
| 300 |
_avolumes : _bmaps, graphics, tables ; _c27 cm |
||
| 336 |
_ametin _btxt _2rdacontent |
||
| 337 |
_aaracısız _bn _2rdamedia |
||
| 338 |
_acilt _bnc _2rdacarrier |
||
| 490 | 1 |
_aTürk Tarih Kurumu Yayınları ; _vXXVII. |
|
| 490 | 1 | _aDizi-Sayı 1ᵏ | |
| 500 | _aKaynakça ve dizin var. | ||
| 651 | 0 |
_aKaradeniz Sahili (Türkiye) _965246 |
|
| 651 | 0 |
_aKaradeniz Bölgesi _xTarih _9115277 |
|
| 942 |
_2lcc _cBK |
||